| 000 | 00519nam a22002177a 4500 | ||
|---|---|---|---|
| 005 | 20250207163958.0 | ||
| 008 | 220317b2007 xxu||||| |||| 00| 0 spa d | ||
| 020 | _a9781424003631 | ||
| 041 | _aING | ||
| 082 | _aR 423 A244a5 | ||
| 245 | _aAdvance dictionary of american english | ||
| 250 | _a5 Edición | ||
| 260 | _aEstados Unidos | ||
| 260 | _bCollins Cobuild | ||
| 260 | _c2007 | ||
| 300 | _a1591 páginas | ||
| 650 | _aDICCIONARIOS | ||
| 650 | _aVOCABULARIO | ||
| 650 | _aINGLÉS | ||
| 942 |
_cREF _2ddc |
||
| 999 |
_c13268 _d13268 |
||